Federally funded research : Decisions for a Decade

में बचाया:
ग्रंथसूची विवरण
स्वरूप: पुस्तक
भाषा:Undetermined
प्रकाशित: Washington Congress of the United States Office of Technology assessment 1991
विषय:
टैग : टैग जोड़ें
कोई टैग नहीं, इस रिकॉर्ड को टैग करने वाले पहले व्यक्ति बनें!
Thư viện lưu trữ: Trung tâm Học liệu Trường Đại học Cần Thơ
LEADER 00556nam a2200181Ia 4500
001 CTU_81501
008 210402s9999 xx 000 0 und d
082 |a 338 
082 |b F293 
245 0 |a Federally funded research : 
245 0 |b Decisions for a Decade 
260 |a Washington 
260 |b Congress of the United States Office of Technology assessment 
260 |c 1991 
650 |a Engineering and state,Federal aid to research 
650 |z United states 
904 |i Trọng Hải 
980 |a Trung tâm Học liệu Trường Đại học Cần Thơ